000 00894cam a22002778a 4500
001 6805
003 BDjRUL
005 20211208234322.0
008 140112r20051996ii 001 0 eng d
020 _a8170365058 (India-HB)
020 _a8170365066 (India-PB)
035 _a(BD-RjUL)6847
040 _aDLC
_cDLC
_dIAY
_dBOS
_beng
041 _aeng
082 _223
_a361.25
_bRAH 2005
100 1 _aRao, T. V.
_9233025
245 1 0 _aHuman resources development :
_bexperiences, interventions, strategies /
_cT. V. Rao.
260 _aNew Delhi ;
_bSage Publications,
_cc1996. [Printing 1997, 2005]
300 _a394 p. ;
_c25 cm.
504 _aIncludes bibliographical references (p. [373]-384) and index.
650 0 _aSocial planning.
_917901
650 0 _aHuman services
_xPlanning.
_921388
650 0 _aHuman capital
_xPlanning.
_921389
942 _2ddc
_cBK
999 _c6805
_d6805